000 01075cam6a220030100 4500
001 lce00020605
008 731212s1973 nyua b 001 0 eng
010 _a 75177242 //r84
020 _a071481511X
020 _c
_22.50
035 _a(Sirsi) r83467
035 _a(DLC) 75177242 //r84
035 _a(UPRA)lce00020605
050 0 _aND673.B73
_bG713 1973
082 _a759.9493
100 1 _aBruegel, Pieter, ca. 1525-1569.
_dBruegel, Pieter, ca. 1525-1569.
_6A43375.1
245 1 0 _aPieter Bruegel: complete edition of the paintings
_c[by] F. Grossmann.
250 _a[3d ed., rev.
260 _aNew York]
_bPhaidon; [distributed by Praeger,
_c1973]
500 _aFirst-2d eds. published under title: Bruegel, the paintings.
500 _aFirst published in 1955.
504 _aBibliography: v. 1, p. 51-56.
504 _aBibliographical notes.
600 1 0 _aBruegel, Pieter, ca. 1525-1569.
_dBruegel, Pieter, ca. 1525-1569.
_6S34345.1
700 1 _aGrossmann, Fritz.
_6A43376.1
949 _aND673.B73
_wlcc
_i-115876
_mMAIN
_tBOOK
_lON-SHELF
004 83467
999 _c89868
_d89868